000 00613nam a2200265Ia 4500
005 20260306163847.0
008 008 260114s9999 xx 000 0 eng d
020 _a9781781704608
037 _aEBOOK
040 _aCRL
040 _beng
040 _cCRL
041 _2eng
041 _aeng
084 _qCRL
100 _aMurphy, Maguire
_91129517
245 0 _aIntegration In Ireland
260 _bManchester University Press
260 _c2013
650 _aSocial Work
856 _uhttps://academic.oup.com/book/13619
942 _cEBOOK
999 _c1711779
_d1711779